000 01157nas a22002537a 4500
999 _c40816
_d40816
005 20200521140917.0
007 cz aa aaaaa
008 200428c b||poo|||| 00| 0 eng d
022 _a2456-5067
040 _coclc
082 _a796
_bJOU/PE
210 _aInt. J. Yoga Physiother. Phys. Educ.
245 _aInternational Journal of Yoga, Physiotherapy and Physical Education
_he-Journal (Open Access)
260 _bGupta Publications
_aDelhi, India
300 _aPDF(online)
310 _aBi-Monthly
365 _eOpen Access
500 _aInternational Journal of Yoga, Physiotherapy and Physical Education is a Peer Reviewed Journal. Prime Focus of the Journal is to publish articles related to the current trends of research. This Journal provides platform with the aim of motivating students and personnel in Sports and Physical Education.
650 0 _92462
_aPhysical Education and Sports
_bArts & recreation
_vRecreational & performing art
_xAthletic & outdoor sports & games
651 0 _92254
_aIndia
655 0 _92257
_ae-Journal
856 _uhttp://www.sportsjournal.in/
942 _2ddc
_cEJ
_h796
_k796
_mJOU/PE